Statistics for Lyrics of Eminem: Venom

Click here to take the quiz!

General Stats

  • This quiz has been taken 20 times
  • The average score is 192 of 500

Answer Stats

Answer% Correct
Venom,
94%
go
88%
(I
88%
I
88%
a
81%
So
81%
the—)
75%
the
75%
the—
75%
got
69%
Devil
63%
devil
63%
'em
63%
'em
63%
get
63%
gonna
63%
knock
63%
knock,
63%
Knock
63%
let
63%
Me
63%
as
56%
be
56%
Dr.
56%
in
56%
in!"
56%
moment
56%
momentum
56%
my
56%
My
56%
my—
56%
They
56%
they
56%
up
56%
adrenaline
50%
an
50%
And
50%
and
50%
Dre
50%
hate
50%
I'm
50%
know
50%
said
50%
said,
50%
that)
50%
what
50%
With
50%
with
50%
ain't
44%
fuck
44%
hell
44%
"Hell
44%
hit
44%
it
44%
it,
44%
I've
44%
slow
44%
taste
44%
then
44%
they're
44%
thin
44%
to
44%
To
44%
when
44%
When
44%
yeah!"
44%
been
38%
been,
38%
ever
38%
Ever
38%
Like
38%
Like,
38%
like
38%
Of
38%
of
38%
time
38%
you
38%
You
38%
all
31%
But
31%
dead
31%
down?
31%
elephant
31%
feel
31%
floor
31%
her
31%
it's
31%
long
31%
motel
31%
prepare
31%
skeleton's
31%
This
31%
this
31%
again
25%
at
25%
bowl,
25%
car
25%
care,
25%
'da
25%
don't
25%
end
25%
Florida
25%
head
25%
hot
25%
is
25%
kamikaze
25%
meltin'
25%
on
25%
salad
25%
Shotgun
25%
skin
25%
snare
25%
spinnin'
25%
Square
25%
tell
25%
think
25%
Thinkin'
25%
us
25%
went
25%
what's
25%
will
25%
world
25%
'97
19%
ago
19%
Allan
19%
any
19%
back
19%
Beat
19%
better
19%
bit
19%
blew
19%
bucket
19%
Edgar
19%
face,
19%
from
19%
fuckin'
19%
(Gandhi)
19%
Gandhi
19%
high
19%
How
19%
knowin'
19%
Liquid
19%
love
19%
medicine's
19%
pale
19%
Poe
19%
postcard,
19%
Proof's
19%
Ready
19%
reverse
19%
room
19%
scent
19%
screamin',
19%
Screw
19%
tailspin,
19%
Tylenol,
19%
Volkswagen,
19%
your
19%
able
13%
actual
13%
barely
13%
bass
13%
Because
13%
Bizarre
13%
both
13%
can
13%
crashin'
13%
Danica
13%
done
13%
Eat
13%
Filet-o-Fish,
13%
Freaknik
13%
his
13%
hubcap
13%
Into
13%
into
13%
kill
13%
laced
13%
"L-L-L-Let
13%
matches
13%
Mayo
13%
Mel-Man
13%
name's
13%
not
13%
one
13%
or
13%
Patrick
13%
probably
13%
Scribble
13%
slept
13%
Slim
13%
smelled
13%
snap
13%
stamp
13%
tap
13%
track
13%
Translation,
13%
wait
13%
wheel?
13%
accelerants
6%
against
6%
assassin
6%
backin'
6%
Bedridden,
6%
being
6%
catch
6%
caught
6%
combination
6%
fender,
6%
flap
6%
front
6%
fuck's
6%
gelatins,
6%
happenin'
6%
Held
6%
Hellmann's
6%
Jam,
6%
Jeep
6%
just
6%
L-L-L-Like
6%
Manevolent
6%
much
6%
mud
6%
Mustang
6%
my-my-myself
6%
nut
6%
Olympics
6%
painkiller
6%
pen
6%
pills,
6%
rail
6%
Rap
6%
shoulda
6%
smashed,
6%
Threw
6%
through
6%
Wicked,
6%
Wrangler
6%
ya,
6%
ya
6%
you're
6%
around
0%
attack
0%
Cocked,
0%
evident
0%
felt
0%
grill
0%
Indy,
0%
It-it's
0%
Kahlúa
0%
mangled
0%
manure—hell,
0%
meant
0%
p-p-pellets
0%
spun
0%
steel
0%
strangler
0%
thoughts
0%
V-Venomous,
0%
web
0%
word
0%
(W-W-When
0%

Score Distribution

Percentile by Number Answered

Percent of People with Each Score

Your Score History

You have not taken this quiz